| 000 | 00645nam a22001937a 4500 | ||
|---|---|---|---|
| 003 | OSt | ||
| 005 | 20251119115631.0 | ||
| 008 | 251119b |||||||| |||| 00| 0 eng d | ||
| 020 | _a13 : 0-13-813459-4. | ||
| 040 |
_aDWCL-Main lib _cOC |
||
| 082 |
_23rd ed. _aGr. 005.43 T164m 2009 |
||
| 100 | _aTanenbaum, Andrew S. | ||
| 245 |
_aModern operating systems 3rd ed. _cTanenbaum, Andrew S. |
||
| 260 |
_aN. J. : _bPearson Education, Inc., _cc2009. |
||
| 300 |
_axxvii, 1072 pages : _billustration ; _c23 cm. |
||
| 504 | _aIncludes bibliographical references and index. | ||
| 650 | _21. Computer operating system. | ||
| 942 |
_2ddc _cGR _e3rd ed. _kGr. _n0 |
||
| 999 |
_c5822 _d5822 |
||